[Event "IECC CL5-2003.27 email"]
[Site "IECC email"]
[Date "2003.12.10"]
[Round "?"]
[White "Avant, Thomas"]
[Black "Jonkers, Henk"]
[Result "1-0"]
[WhiteElo "1566"]
[BlackElo "1518"]
[PlyCount "55"]
[EventDate "2003.??.??"]
[EventType "tourn (corr)"]
[EventRounds "4"]
[SourceTitle "Corr 2008"]
[Source "ChessBase"]
[SourceDate "2008.06.24"]
[SourceVersion "1"]
[SourceVersionDate "2008.06.24"]
[SourceQuality "1"]

1. e4 c6 2. d4 d5 3. e5 Bf5 4. Nf3 e6 5. Nbd2 c5 6. dxc5 Bxc5 7. Nb3 Bb6 8. Nbd4 Ne7 9. Nxf5 Nxf5 10. Bd3 Nh4 11. 0-0 Nxf3+ 12. Qxf3 Nc6 13. Re1 Qc7 14. Bf4 Bd4 15. c3 Bxe5 16. Rxe5 Nxe5 17. Qh5 Nf3+ 18. Qxf3 Qb6 19. Qg3 g6 20. Be3 Qc6 21. Bd4 Rf8 22. Qh4 h5 23. Qf6 a6 24. Re1 Kd7 25. Qg7 Ke8 26. b4 b6 27. a4 Qxa4 28. Rxe6+ 1-0

[Event "IECC CL5-2003.27 email"]
[Site "IECC email"]
[Date "2003.12.10"]
[Round "?"]
[White "Jonkers, Henk"]
[Black "Vodanovic, Boris"]
[Result "1-0"]
[WhiteElo "1485"]
[BlackElo "1467"]
[PlyCount "127"]
[EventDate "2003.??.??"]
[EventType "tourn (corr)"]
[EventRounds "4"]
[SourceTitle "Corr 2008"]
[Source "ChessBase"]
[SourceDate "2008.06.24"]
[SourceVersion "1"]
[SourceVersionDate "2008.06.24"]
[SourceQuality "1"]

1. d4 d5 2. c4 e6 3. Nc3 Nf6 4. Nf3 Be7 5. Bf4 c6 6. e3 0-0 7. Bd3 Nbd7 8. h3 h6 9. 0-0 Nb6 10. c5 Nbd7 11. b4 a6 12. a4 Nh5 13. Bh2 f5 14. b5 axb5 15. axb5 Rxa1 16. Qxa1 Ndf6 17. b6 g5 18. Bc7 Qe8 19. Ne5 Nd7 20. Nxd7 Qxd7 21. Rb1 Nf6 22. Nb5 Bxc5 23. dxc5 cxb5 24. Bxb5 Qf7 25. c6 Ne8 26. cxb7 Bxb7 27. Be5 Nf6 28. Ba6 Ra8 29. Bxf6 Rxa6 30. Qc3 Ra8 31. Rc1 Ba6 32. Be5 Qb7 33. Qc6 Qxc6 34. Rxc6 Re8 35. Rc7 Rb8 36. Rc6 Re8 37. Bc7 Bb7 38. Rc3 Kf7 39. Kf1 Ke7 40. Ke2 Kd7 41. Kd3 e5 42. Bxe5 Rc8 43. Bc7 Ke6 44. Kd4 h5 45. Kc5 Ra8 46. Rc2 Ra5+ 47. Kb4 Ra8 48. Kb5 Kd7 49. f4 g4 50. hxg4 hxg4 51. Be5 Rc8 52. Rd2 Bc6+ 53. Kb4 Bb7 54. Bd4 Rc4+ 55. Kb3 Rc6 56. g3 Rh6 57. Rc2 Bc6 58. Kb4 Rh3 59. Rg2 Rh1 60. Ra2 Bb7 61. Rc2 Bc6 62. Ka5 Rh3 63. Ka6 Rxg3 64. b7 1-0

[Event "IECC M email"]
[Site "IECC email"]
[Date "2000.03.22"]
[Round "?"]
[White "Jonkers, Henk"]
[Black "Kroonstuiver, Gerard"]
[Result "1-0"]
[WhiteElo "1506"]
[BlackElo "1483"]
[PlyCount "139"]
[EventDate "2000.??.??"]
[EventType "tourn (corr)"]
[EventRounds "2"]
[SourceTitle "Corr 2008"]
[Source "ChessBase"]
[SourceDate "2008.06.24"]
[SourceVersion "1"]
[SourceVersionDate "2008.06.24"]
[SourceQuality "1"]

1. d4 d5 2. c4 c6 3. Nf3 h6 4. Nc3 Nf6 5. cxd5 cxd5 6. Bf4 e6 7. e3 Bd7 8. Bd3 Nc6 9. a3 Be7 10. 0-0 0-0 11. h3 Re8 12. Ne5 Nxe5 13. dxe5 Nh7 14. Qg4 Bg5 15. h4 Bxf4 16. exf4 f5 17. Qg3 Nf8 18. Bb5 a6 19. Be2 Re7 20. Bf3 Be8 21. Rfd1 Rd7 22. Rac1 Ng6 23. h5 Ne7 24. b4 Rc7 25. Ne2 Rxc1 26. Rxc1 Rc8 27. Rxc8 Qxc8 28. Nd4 Nc6 29. Nb3 b6 30. Be2 b5 31. Nc5 Nd4 32. Bd1 Nc6 33. Qd3 Nd8 34. Bf3 Bf7 35. Qd4 Nc6 36. Qd2 Nd8 37. Qd1 Qc6 38. Qd4 Nb7 39. Nxb7 Qxb7 40. Qc5 Be8 41. Qd6 Qc6 42. Qxc6 Bxc6 43. Kf1 Kf7 44. Ke2 Ke7 45. Kd3 Be8 46. Kd4 Kd7 47. Kc5 Kc7 48. g4 fxg4 49. Bxg4 Bd7 50. Bh3 Bc8 51. f5 d4 52. Kxd4 exf5 53. Kd5 Bd7 54. Bf1 Be8 55. Be2 Bd7 56. e6 Bc8 57. Ke5 f4 58. Bg4 Bb7 59. Kf5 Kd6 60. Kg6 Ke7 61. Kxg7 Bc8 62. Kxh6 Bxe6 63. Bxe6 Kxe6 64. Kg6 Ke5 65. h6 Ke4 66. h7 Kf3 67. h8Q Kxf2 68. Kg5 f3 69. Kg4 Ke2 70. Qe5+ 1-0

[Event "IECC CL5-2000.12"]
[Site "IECC email"]
[Date "2000.03.05"]
[Round "?"]
[White "Czarnecki, Wojtek"]
[Black "Jonkers, Henk"]
[Result "0-1"]
[WhiteElo "1500"]
[BlackElo "1525"]
[PlyCount "40"]
[EventDate "2000.??.??"]
[EventType "tourn (corr)"]
[EventRounds "4"]
[SourceTitle "Corr 2008"]
[Source "ChessBase"]
[SourceDate "2008.06.24"]
[SourceVersion "1"]
[SourceVersionDate "2008.06.24"]
[SourceQuality "1"]

1. c4 c6 2. d4 d5 3. e3 Nf6 4. Nf3 Bf5 5. Nc3 Nbd7 6. Be2 e6 7. 0-0 Bd6 8. c5 Bc7 9. Nh4 Bg6 10. Nxg6 hxg6 11. h3 g5 12. Bf3 Qe7 13. e4 dxe4 14. Nxe4 g4 15. Nxf6+ gxf6 16. Bxg4 0-0-0 17. Qa4 a6 18. Bd2 f5 19. Bf3 Rdg8 20. Kh1 Qh4 0-1

[Event "IECC CL5-2000.12"]
[Site "IECC email"]
[Date "2000.03.05"]
[Round "?"]
[White "Jonkers, Henk"]
[Black "Alvarenga, Jose"]
[Result "1/2-1/2"]
[WhiteElo "1555"]
[BlackElo "1498"]
[PlyCount "108"]
[EventDate "2000.??.??"]
[EventType "tourn (corr)"]
[EventRounds "4"]
[SourceTitle "Corr 2008"]
[Source "ChessBase"]
[SourceDate "2008.06.24"]
[SourceVersion "1"]
[SourceVersionDate "2008.06.24"]
[SourceQuality "1"]

1. d4 Nf6 2. Nf3 d5 3. Bf4 c5 4. c3 Nc6 5. e3 Bg4 6. Nbd2 e6 7. h3 Bh5 8. Bd3 Be7 9. Qa4 0-0 10. 0-0 Nd7 11. Qc2 f5 12. b3 a6 13. a3 Qe8 14. c4 Nf6 15. dxc5 Ne4 16. cxd5 exd5 17. Bxe4 dxe4 18. Ng5 Qg6 19. Qc4+ Kh8 20. Ne6 Rf6 21. Nc7 Rd8 22. Nd5 Re6 23. Bc7 Be2 24. Nxe7 Rxe7 25. Qxe2 Rxc7 26. Nc4 Rd3 27. b4 Qe6 28. Nd6 g6 29. f3 Qb3 30. Kf2 exf3 31. Qxf3 Nd4 32. exd4 Rxf3+ 33. gxf3 Qb2+ 34. Kg3 Qxd4 35. Rfe1 b6 36. Rad1 Qf6 37. Ne8 f4+ 38. Kh2 Qb2+ 39. Kh1 Rc8 40. Nd6 Qf2 41. Nxc8 Qxf3+ 42. Kh2 Qg3+ 43. Kh1 f3 44. Re8+ Kg7 45. Rd2 f2 46. Rxf2 Qxf2 47. cxb6 Qf3+ 48. Kh2 Qf2+ 49. Kh1 Qf1+ 50. Kh2 Qf2+ 51. Kh1 Qf3+ 52. Kh2 Qf4+ 53. Kh1 Qc1+ 54. Kh2 Qc2+ 1/2-1/2